header

Between the devil and the deep blue sea? (Record no. 33879)

MARC details
000 -LEADER
fixed length control field 01557nam a2200373Ia 4500
100 1# - MAIN ENTRY--AUTHOR NAME
Personal name Kaplan, Zvi Jonathan.
245 10 - TITLE STATEMENT
Title Between the devil and the deep blue sea?
260 ## - PUBLICATION, DISTRIBUTION, ETC. (IMPRINT)
Place of publication Providence, RI :
Name of publisher Brown Judaic Studies,
Year of publication c2009.
300 ## - PHYSICAL DESCRIPTION
Number of Pages viii, 140 p.
490 1# - SERIES STATEMENT
Series statement Brown Judaic studies ;
650 #0 - SUBJECT ADDED ENTRY--TOPICAL TERM
Topical Term Jews
Topical Term Jews
Topical Term Secularism
Topical Term Religion and state
Topical Term Church and state
856 40 - ELECTRONIC LOCATION AND ACCESS
Uniform Resource Identifier http://site.ebrary.com/lib/rucke/Doc?id=10354016

No items available.

© 2026 Rongo University
Contact us: librarian | system librarian | Rongo university